[Event "ESP-ch U18"]
[Site "Salobrena"]
[Date "2015.07.27"]
[Round "1"]
[White "Cribilles Perez, Carlos"]
[Black "Garrido Piriz, Pablo"]
[Result "1/2-1/2"]
[WhiteElo "1844"]
[BlackElo "2138"]
[PlyCount "71"]
[EventDate "2015.07.27"]
[EventType "swiss"]
[EventRounds "9"]
[EventCountry "ESP"]
[SourceTitle "EXT 2016"]
[Source "ChessBase"]
[SourceDate "2015.10.08"]
[SourceVersion "1"]
[SourceVersionDate "2015.10.08"]
[SourceQuality "1"]

1. d4 Nf6 2. c4 g6 3. Nc3 Bg7 4. e4 d6 5. Nf3 0-0 6. Be2 Na6 7. Bf4 Nh5 8. Bg5 h6 9. Be3 e5 10. 0-0 Nf4 11. Qd2 g5 12. dxe5 dxe5 13. Rfd1 Qe7 14. Bf1 Bg4 15. Ne2 Nxe2+ 16. Bxe2 Rfd8 17. Qc3 c6 18. Kh1 Nc5 19. Qc2 Rxd1+ 20. Rxd1 Ne6 21. Ng1 Bxe2 22. Nxe2 Nd4 23. Nxd4 exd4 24. Bxd4 Rd8 25. Bxg7 Kxg7 26. Rxd8 Qxd8 27. Kg1 f6 28. Kf1 Qa5 29. b3 Qe5 30. h3 h5 31. Qd3 Qa1+ 32. Ke2 Qxa2+ 33. Ke3 Kh6 34. e5 Qb2 35. b4 Qd4+ 36. Qxd4 1/2-1/2

[Event "Granada Region-ch"]
[Site "Granada"]
[Date "2013.??.??"]
[Round "5.2"]
[White "Cribilles Perez, Carlos"]
[Black "Domingo Nunez, Ruben"]
[Result "0-1"]
[WhiteElo "1714"]
[BlackElo "1983"]
[PlyCount "74"]
[EventDate "2013.01.20"]
[EventType "swiss"]
[EventRounds "6"]
[EventCountry "ESP"]
[SourceTitle "EXT 2024"]
[Source "ChessBase"]
[SourceDate "2023.10.10"]
[SourceVersion "1"]
[SourceVersionDate "2023.10.10"]
[SourceQuality "1"]

1. c4 e5 2. g3 Nf6 3. Bg2 Nc6 4. Nc3 Bb4 5. e4 Bxc3 6. dxc3 d6 7. Ne2 Be6 8. b3 a5 9. a4 0-0 10. 0-0 Qd7 11. Re1 Bh3 12. Bh1 Kh8 13. f3 Ng8 14. Be3 f5 15. exf5 Qxf5 16. Nc1 Rae8 17. Ra2 Nf6 18. Rf2 Qg6 19. Qd2 Nh5 20. Ne2 Nf4 21. Bxf4 exf4 22. Bg2 Bxg2 23. Kxg2 fxg3 24. hxg3 Ne5 25. Nf4 Qf5 26. Nd5 c6 27. f4 Nxc4 28. bxc4 Rxe1 29. Qxe1 cxd5 30. Qd2 Qe4+ 31. Rf3 Qxc4 32. Rd3 Qxa4 33. Rxd5 Rd8 34. f5 Re8 35. Kh3 Qa1 36. Qd4 Qh1+ 37. Kg4 Re4+ 0-1

[Event "ESP-ch U14"]
[Site "Salobrena"]
[Date "2012.07.14"]
[Round "9"]
[White "Fernandez Cano, Victor"]
[Black "Cribilles Perez, Carlos"]
[Result "1-0"]
[WhiteElo "1839"]
[BlackElo "1622"]
[PlyCount "101"]
[EventDate "2012.07.09"]
[EventType "swiss"]
[EventRounds "9"]
[EventCountry "ESP"]
[SourceTitle "EXT 2014"]
[Source "ChessBase"]
[SourceDate "2013.11.20"]
[SourceVersion "1"]
[SourceVersionDate "2013.11.20"]
[SourceQuality "1"]

1. Nf3 Nf6 2. d4 g6 3. Bf4 Bg7 4. e3 0-0 5. Be2 d6 6. h3 Nbd7 7. 0-0 c5 8. c3 Qb6 9. Qc1 Re8 10. Nbd2 Qc6 11. Bh2 b5 12. dxc5 Qxc5 13. Nb3 Qb6 14. Nfd4 a6 15. Bf3 Bb7 16. Qd1 Ne5 17. Bxb7 Qxb7 18. Bxe5 dxe5 19. Na5 Qc7 20. Ndc6 Red8 21. Qf3 e4 22. Qf4 Qxf4 23. exf4 Rd2 24. Rab1 Nd5 25. Nb3 Re2 26. Rfd1 Nxf4 27. Ncd4 e5 28. Nxe2 Nxe2+ 29. Kf1 Nf4 30. Nc5 f5 31. Rd7 Bf8 32. Nb3 Nd3 33. g3 Bh6 34. Rd5 Rc8 35. Rd6 Ra8 36. Na5 Bf8 37. Rd5 Kf7 38. Rd7+ Kg8 39. Nc6 Re8 40. a3 Re6 41. Nb4 Nc5 42. Rd5 Kf7 43. Rbd1 Kf6 44. Rd8 Be7 45. Nd5+ Kf7 46. Nxe7 Kxe7 47. Rh8 h5 48. Rdd8 Kf7 49. h4 Na4 50. Rh7+ Kf6 51. Rf8# 1-0

[Event "Andalucia-ch U14"]
[Site "Islantilla"]
[Date "2012.04.14"]
[Round "5"]
[White "Cribilles Perez, Carlos"]
[Black "Zumaquero Mairena, David"]
[Result "1-0"]
[WhiteElo "1622"]
[BlackElo "1403"]
[PlyCount "47"]
[EventDate "2012.04.13"]
[EventType "swiss"]
[EventRounds "9"]
[EventCountry "ESP"]
[SourceTitle "CBM 148 Extra"]
[Source "ChessBase"]
[SourceDate "2012.06.22"]
[SourceVersion "1"]
[SourceVersionDate "2012.06.22"]
[SourceQuality "1"]

1. c4 e5 2. g3 Nc6 3. Bg2 f5 4. Nc3 Nf6 5. d3 Bc5 6. Nf3 0-0 7. 0-0 d6 8. a3 a5 9. h3 Qe8 10. Rb1 Qh5 11. Na4 Ba7 12. b4 e4 13. Nh2 Nd4 14. Re1 Qg6 15. e3 Ne6 16. d4 Ng5 17. c5 f4 18. g4 f3 19. h4 fxg2 20. hxg5 Qxg5 21. f4 exf3 22. e4 Qh4 23. Nxf3 Qxg4 24. e5 1-0